<?xml version="1.0" encoding="UTF-8"?>
<record
    xmlns:xsi="http://www.w3.org/2001/XMLSchema-instance"
    xsi:schemaLocation="http://www.loc.gov/MARC21/slim http://www.loc.gov/standards/marcxml/schema/MARC21slim.xsd"
    xmlns="http://www.loc.gov/MARC21/slim">

  <leader>00417nam a22001697a 4500</leader>
  <controlfield tag="003">OSt</controlfield>
  <controlfield tag="008">210205b           ||||| |||| 00| 0 eng d</controlfield>
  <datafield tag="020" ind1=" " ind2=" ">
    <subfield code="a">9788185731964</subfield>
  </datafield>
  <datafield tag="082" ind1=" " ind2=" ">
    <subfield code="a">615.4 MEP</subfield>
  </datafield>
  <datafield tag="100" ind1=" " ind2=" ">
    <subfield code="a">Mehta , R.M</subfield>
  </datafield>
  <datafield tag="245" ind1=" " ind2=" ">
    <subfield code="a">Pharmaceutics-II</subfield>
  </datafield>
  <datafield tag="250" ind1=" " ind2=" ">
    <subfield code="a">3rd</subfield>
  </datafield>
  <datafield tag="260" ind1=" " ind2=" ">
    <subfield code="a">Karnal</subfield>
    <subfield code="b">Vallabh Prakashan</subfield>
    <subfield code="c">2018</subfield>
  </datafield>
  <datafield tag="300" ind1=" " ind2=" ">
    <subfield code="a">312</subfield>
  </datafield>
  <datafield tag="650" ind1=" " ind2=" ">
    <subfield code="a">Pharmaceutics (Dispensing and General Pharmacy)</subfield>
  </datafield>
  <datafield tag="942" ind1=" " ind2=" ">
    <subfield code="2">ddc</subfield>
    <subfield code="c">BK</subfield>
  </datafield>
  <datafield tag="999" ind1=" " ind2=" ">
    <subfield code="c">10421</subfield>
    <subfield code="d">10421</subfield>
  </datafield>
  <datafield tag="952" ind1=" " ind2=" ">
    <subfield code="0">0</subfield>
    <subfield code="1">0</subfield>
    <subfield code="2">ddc</subfield>
    <subfield code="4">0</subfield>
    <subfield code="7">0</subfield>
    <subfield code="8">BP</subfield>
    <subfield code="a">PIET</subfield>
    <subfield code="b">PIET</subfield>
    <subfield code="d">2021-02-02</subfield>
    <subfield code="e">Kirti Praskshan</subfield>
    <subfield code="f">IN Rupees</subfield>
    <subfield code="g">200.00</subfield>
    <subfield code="k">IN1456</subfield>
    <subfield code="l">28</subfield>
    <subfield code="o">615.4 MEP</subfield>
    <subfield code="p">BP1579</subfield>
    <subfield code="r">2026-05-30 09:12:20</subfield>
    <subfield code="s">2026-05-25</subfield>
    <subfield code="v">162.00</subfield>
    <subfield code="w">2021-02-02</subfield>
    <subfield code="y">BK</subfield>
  </datafield>
  <datafield tag="952" ind1=" " ind2=" ">
    <subfield code="0">0</subfield>
    <subfield code="1">0</subfield>
    <subfield code="2">ddc</subfield>
    <subfield code="4">0</subfield>
    <subfield code="7">0</subfield>
    <subfield code="8">BP</subfield>
    <subfield code="a">PIET</subfield>
    <subfield code="b">PIET</subfield>
    <subfield code="d">2021-02-02</subfield>
    <subfield code="e">Kirti Praskshan</subfield>
    <subfield code="f">IN Rupees</subfield>
    <subfield code="g">200.00</subfield>
    <subfield code="k">IN1456</subfield>
    <subfield code="l">9</subfield>
    <subfield code="o">615.4 MEP</subfield>
    <subfield code="p">BP1580</subfield>
    <subfield code="r">2026-03-12 00:00:00</subfield>
    <subfield code="s">2026-03-10</subfield>
    <subfield code="v">162.00</subfield>
    <subfield code="w">2021-02-02</subfield>
    <subfield code="y">BK</subfield>
  </datafield>
  <datafield tag="952" ind1=" " ind2=" ">
    <subfield code="0">0</subfield>
    <subfield code="1">0</subfield>
    <subfield code="2">ddc</subfield>
    <subfield code="4">0</subfield>
    <subfield code="7">0</subfield>
    <subfield code="8">BP</subfield>
    <subfield code="a">PIET</subfield>
    <subfield code="b">PIET</subfield>
    <subfield code="d">2023-10-14</subfield>
    <subfield code="e">KIRTI PRAKSHAN</subfield>
    <subfield code="f">RUPEES</subfield>
    <subfield code="g">200.00</subfield>
    <subfield code="k">IN-1041</subfield>
    <subfield code="l">7</subfield>
    <subfield code="o">615.4 MEP</subfield>
    <subfield code="p">BP2263</subfield>
    <subfield code="r">2025-11-28 00:00:00</subfield>
    <subfield code="s">2025-11-24</subfield>
    <subfield code="v">166.00</subfield>
    <subfield code="w">2023-10-05</subfield>
    <subfield code="y">BK</subfield>
  </datafield>
  <datafield tag="952" ind1=" " ind2=" ">
    <subfield code="0">0</subfield>
    <subfield code="1">0</subfield>
    <subfield code="2">ddc</subfield>
    <subfield code="4">0</subfield>
    <subfield code="7">0</subfield>
    <subfield code="8">BP</subfield>
    <subfield code="a">PIET</subfield>
    <subfield code="b">PIET</subfield>
    <subfield code="d">2023-10-14</subfield>
    <subfield code="e">KIRTI PRAKSHAN</subfield>
    <subfield code="f">RUPEES</subfield>
    <subfield code="g">200.00</subfield>
    <subfield code="k">IN-1041</subfield>
    <subfield code="l">7</subfield>
    <subfield code="o">615.4 MEP</subfield>
    <subfield code="p">BP2264</subfield>
    <subfield code="r">2026-04-21 15:33:35</subfield>
    <subfield code="s">2026-04-09</subfield>
    <subfield code="v">166.00</subfield>
    <subfield code="w">2023-10-05</subfield>
    <subfield code="y">BK</subfield>
  </datafield>
  <datafield tag="952" ind1=" " ind2=" ">
    <subfield code="0">0</subfield>
    <subfield code="1">0</subfield>
    <subfield code="2">ddc</subfield>
    <subfield code="4">0</subfield>
    <subfield code="7">0</subfield>
    <subfield code="8">BP</subfield>
    <subfield code="a">PIET</subfield>
    <subfield code="b">PIET</subfield>
    <subfield code="d">2023-10-14</subfield>
    <subfield code="e">KIRTI PRAKSHAN</subfield>
    <subfield code="f">RUPEES</subfield>
    <subfield code="g">200.00</subfield>
    <subfield code="k">IN-1041</subfield>
    <subfield code="l">11</subfield>
    <subfield code="o">615.4 MEP</subfield>
    <subfield code="p">BP2265</subfield>
    <subfield code="r">2026-05-30 09:16:37</subfield>
    <subfield code="s">2026-05-25</subfield>
    <subfield code="v">166.00</subfield>
    <subfield code="w">2023-10-05</subfield>
    <subfield code="y">BK</subfield>
  </datafield>
</record>
